000 00376nam a2200157Ia 4500
008 230524s9999 xx 000 0 und d
082 _a5.133
_bSTL
100 _aMichel Slater
_912047
245 0 _aMicroprocessor Based Design
250 _a4TH
260 _aNEW DELHI
_bPHI
_c2001
300 _aXVI;600
500 _aQuantity Number: 1
650 _aComp-Sc
942 _cBK
999 _c16758
_d16758